[Event "Cattolica op-B 8th"]
[Site "Cattolica"]
[Date "2021.05.28"]
[Round "2"]
[White "Rinaldi, Mario"]
[Black "Marani, Luca"]
[Result "0-1"]
[WhiteElo "1403"]
[BlackElo "1712"]
[PlyCount "36"]
[EventDate "2021.05.27"]
[EventType "swiss"]
[EventRounds "7"]
[EventCountry "ITA"]
[SourceTitle "CBM 203 Extra"]
[Source "ChessBase"]
[SourceDate "2021.09.30"]
[SourceVersion "1"]
[SourceVersionDate "2021.09.30"]
[SourceQuality "1"]

1. d4 d5 2. Nc3 Nf6 3. b3 c5 4. Bf4 cxd4 5. Qxd4 Nc6 6. Qa4 Bd7 7. e3 e5 8. Bg5 Nd4 9. Bb5 Nxb5 10. Nxb5 a6 11. Bxf6 gxf6 12. 0-0-0 axb5 13. Qh4 Bf5 14. g4 Bg6 15. Ne2 Rxa2 16. e4 Bxe4 17. f3 Qc7 18. c3 Ba3# 0-1

[Event "Mestre Sheraton op-B 1st"]
[Site "Mestre"]
[Date "2021.02.26"]
[Round "1"]
[White "Marani, Luca"]
[Black "Marson, Eva Jane"]
[Result "1-0"]
[WhiteElo "1716"]
[BlackElo "1431"]
[PlyCount "51"]
[EventDate "2021.02.26"]
[EventType "swiss"]
[EventRounds "5"]
[EventCountry "ITA"]
[SourceTitle "EXT 2023"]
[Source "ChessBase"]
[SourceDate "2022.10.05"]
[SourceVersion "1"]
[SourceVersionDate "2022.10.05"]
[SourceQuality "1"]

1. Nc3 e5 2. Nf3 Nc6 3. d4 exd4 4. Nxd4 d5 5. Bf4 Nf6 6. Ndb5 Bd6 7. Nxd6+ cxd6 8. e3 Be6 9. Nb5 Ne5 10. Qd4 Rc8 11. Nxd6+ Qxd6 12. Bxe5 Qe7 13. Bb5+ Kd8 14. c3 b6 15. 0-0 Rg8 16. Rad1 Nh5 17. a4 Qg5 18. f4 Qh4 19. f5 Rc5 20. c4 Kc8 21. fxe6 fxe6 22. cxd5 Qxd4 23. Bxd4 Rc7 24. Be5 Re7 25. dxe6 g6 26. Ba6+ 1-0

[Event "WchT Amateur"]
[Site "Kaunas"]
[Date "2016.11.28"]
[Round "9.4"]
[White "Marcinkeviciene, Egle"]
[Black "Marani, Luca"]
[Result "0-1"]
[WhiteElo "1581"]
[BlackElo "1921"]
[PlyCount "77"]
[EventDate "2016.11.20"]
[EventType "team-swiss"]
[EventRounds "9"]
[EventCountry "LTU"]
[SourceTitle "CBM 175 Extra"]
[Source "ChessBase"]
[SourceDate "2016.12.12"]
[SourceVersion "1"]
[SourceVersionDate "2016.12.12"]
[SourceQuality "1"]
[WhiteTeam "Lithuania Margiris (W)"]
[BlackTeam "Italy"]
[WhiteTeamCountry "LTU"]
[BlackTeamCountry "ITA"]

1. d4 d5 2. c4 e6 3. Nc3 Nf6 4. cxd5 exd5 5. Bg5 c6 6. e3 Be7 7. Bd3 Nbd7 8. Qc2 Nf8 9. Nge2 Ne6 10. Bh4 g6 11. 0-0 Ng7 12. f3 Nf5 13. Bf2 Qc7 14. e4 dxe4 15. Nxe4 Nd5 16. Qd2 0-0 17. a3 a5 18. Rac1 Re8 19. Bc4 Qb8 20. N2g3 Nd6 21. Qh6 Bf8 22. Qh4 Nxc4 23. Rxc4 Bg7 24. Qg5 Be6 25. Rcc1 Qc7 26. Nc5 Nf4 27. Nxe6 Rxe6 28. Qc5 Nd3 29. Qc4 Nxc1 30. Qxc1 Rd8 31. Rd1 Red6 32. Ne4 R6d7 33. Nc5 Rd5 34. Qc3 Qb6 35. Rd3 Rxc5 36. Qd2 Rcd5 37. g3 Bxd4 38. Bxd4 Rxd4 39. Rxd4 0-1

[Event "WchT Amateur"]
[Site "Kaunas"]
[Date "2016.11.27"]
[Round "8.4"]
[White "Marani, Luca"]
[Black "Ridzvanavicius, Jonas1111"]
[Result "1/2-1/2"]
[WhiteElo "1921"]
[BlackElo "2048"]
[PlyCount "123"]
[EventDate "2016.11.20"]
[EventType "team-swiss"]
[EventRounds "9"]
[EventCountry "LTU"]
[SourceTitle "CBM 175 Extra"]
[Source "ChessBase"]
[SourceDate "2016.12.12"]
[SourceVersion "1"]
[SourceVersionDate "2016.12.12"]
[SourceQuality "1"]
[WhiteTeam "Italy"]
[BlackTeam "Lithuania Milsa"]
[WhiteTeamCountry "ITA"]
[BlackTeamCountry "LTU"]

1. Nc3 Nf6 2. e4 d6 3. f4 c5 4. Nf3 a6 5. Be2 b5 6. e5 dxe5 7. fxe5 Nd5 8. Ne4 e6 9. 0-0 Nc6 10. Neg5 Ra7 11. a4 b4 12. c3 bxc3 13. bxc3 Nxe5 14. Nxe5 Qxg5 15. d4 Qh4 16. g3 Qd8 17. Nc6 Qc7 18. Nxa7 Nxc3 19. Bb5+ axb5 20. Nxb5 Nxb5 21. axb5 Bd6 22. Bf4 Bxf4 23. Rxf4 cxd4 24. Rc1 Qb8 25. Qxd4 0-0 26. Qc5 e5 27. Rb4 Bh3 28. Rbc4 Qa8 29. Qc6 Qa3 30. R4c3 Qb4 31. Qc4 Qb2 32. R3c2 Qa3 33. Qc5 Qa8 34. b6 Qf3 35. Qxe5 Rd8 36. Qe2 Qf6 37. Qf2 Qd6 38. Re1 h6 39. b7 Rb8 40. Rb2 Qd5 41. Qa7 Qd6 42. Rbe2 Kh7 43. Qe3 Qd5 44. Qe4+ Qxe4 45. Rxe4 Rxb7 46. Re7 Rxe7 47. Rxe7 Be6 48. Kf2 h5 49. h4 Kg6 50. Ra7 Kf6 51. Ra5 g6 52. Ke3 Bc4 53. Kf4 Bb3 54. Ra6+ Kg7 55. Ke5 Bc4 56. Rb6 Ba2 57. Rb4 Be6 58. Rb7 Bc4 59. Ra7 Be6 60. Kf4 Bg4 61. Kg5 Be6 62. Rc7 1/2-1/2

[Event "WchT Amateur"]
[Site "Kaunas"]
[Date "2016.11.22"]
[Round "3.4"]
[White "Eigminas, Kipras"]
[Black "Marani, Luca"]
[Result "1-0"]
[WhiteElo "1753"]
[BlackElo "1921"]
[PlyCount "61"]
[EventDate "2016.11.20"]
[EventType "team-swiss"]
[EventRounds "9"]
[EventCountry "LTU"]
[SourceTitle "CBM 175 Extra"]
[Source "ChessBase"]
[SourceDate "2016.12.12"]
[SourceVersion "1"]
[SourceVersionDate "2016.12.12"]
[SourceQuality "1"]
[WhiteTeam "Lithuania AG"]
[BlackTeam "Italy"]
[WhiteTeamCountry "LTU"]
[BlackTeamCountry "ITA"]

1. e4 e5 2. Nf3 Nc6 3. g3 Nf6 4. Bg2 Bc5 5. d3 d6 6. 0-0 a6 7. c3 Ba7 8. Qe2 Bd7 9. Na3 Qc8 10. Nc2 Ne7 11. Bg5 Ng6 12. Rad1 Ng4 13. b3 h6 14. Bc1 h5 15. h4 0-0 16. Ne3 Ne7 17. Nh2 f5 18. exf5 Nxf5 19. Nhxg4 hxg4 20. Nxf5 Rxf5 21. Be3 Rf7 22. Bxa7 Rxa7 23. d4 exd4 24. Bd5 dxc3 25. Bxf7+ Kxf7 26. Qc4+ Kf8 27. Qxc3 Bc6 28. Rd4 Ra8 29. Re1 Bf3 30. Rf4+ Kg8 31. Re7 1-0

[Event "ITA-ch C"]
[Site "Civitanova Marche"]
[Date "2012.07.18"]
[Round "4"]
[White "Marani, Luca"]
[Black "Fragni, Enrico"]
[Result "1-0"]
[WhiteElo "1816"]
[BlackElo "1636"]
[PlyCount "65"]
[EventDate "2012.07.15"]
[EventType "swiss"]
[EventRounds "8"]
[EventCountry "ITA"]
[SourceTitle "EXT 2023"]
[Source "ChessBase"]
[SourceDate "2022.10.05"]
[SourceVersion "1"]
[SourceVersionDate "2022.10.05"]
[SourceQuality "1"]

1. e4 d6 2. d4 c6 3. f4 g6 4. Nf3 Bg4 5. Be3 Nd7 6. Bc4 e6 7. e5 d5 8. Bd3 Nh6 9. 0-0 Nf5 10. Bf2 Qb6 11. Nbd2 c5 12. c4 cxd4 13. cxd5 exd5 14. Bxf5 gxf5 15. Nb3 Nc5 16. Bxd4 Qb5 17. e6 Nxb3 18. exf7+ Kxf7 19. Ne5+ Ke8 20. Qxb3 Qxb3 21. axb3 Bg7 22. Rfe1 Bh5 23. Ng6+ Kf7 24. Nxh8+ Rxh8 25. Bxg7 Kxg7 26. Rxa7 Rb8 27. Re7+ Kg6 28. Raxb7 Rxb7 29. Rxb7 Bd1 30. b4 h5 31. b5 Kf6 32. b6 Ke6 33. Rh7 1-0

[Event "ITA-ch C"]
[Site "Civitanova Marche"]
[Date "2012.07.16"]
[Round "1"]
[White "Di Mantino, Mauro"]
[Black "Marani, Luca"]
[Result "1/2-1/2"]
[WhiteElo "1962"]
[BlackElo "1816"]
[PlyCount "94"]
[EventDate "2012.07.15"]
[EventType "swiss"]
[EventRounds "8"]
[EventCountry "ITA"]
[SourceTitle "EXT 2023"]
[Source "ChessBase"]
[SourceDate "2022.10.05"]
[SourceVersion "1"]
[SourceVersionDate "2022.10.05"]
[SourceQuality "1"]

1. b3 e5 2. Bb2 e4 3. c4 c6 4. Nc3 d5 5. Rc1 Nf6 6. Qc2 Bf5 7. e3 Bd6 8. cxd5 cxd5 9. Nb5 0-0 10. Ne2 Nc6 11. Nxd6 Qxd6 12. Nd4 Nxd4 13. Bxd4 Rfc8 14. Qb2 Rxc1+ 15. Qxc1 Rc8 16. Qb2 Qc6 17. Bc3 Bg4 18. h3 Bh5 19. g4 Bg6 20. Be2 Ne8 21. h4 h6 22. Rg1 f6 23. g5 hxg5 24. hxg5 f5 25. a4 a6 26. a5 Qc7 27. f4 Nd6 28. Be5 Qc1+ 29. Qxc1 Rxc1+ 30. Kf2 Rxg1 31. Kxg1 Nb5 32. Kf1 Be8 33. Ke1 g6 34. Kd1 Kf7 35. Kc2 Ke6 36. Kb2 Bc6 37. b4 Kd7 38. d3 Ke6 39. Kb3 Nd6 40. Bxd6 Kxd6 41. Kc3 Bb5 42. Kd2 Bxd3 43. Bxd3 exd3 44. Kxd3 Kc6 45. Kd4 Kd6 46. Kd3 Kc6 47. Kd4 Kd6 1/2-1/2

[Event "Giovanni Pico Cup 5th"]
[Site "Mirandola"]
[Date "2012.01.14"]
[Round "3"]
[White "Marani, Luca"]
[Black "Paoli, Walter"]
[Result "0-1"]
[WhiteElo "1835"]
[BlackElo "2058"]
[PlyCount "100"]
[EventDate "2012.01.13"]
[EventType "swiss"]
[EventRounds "5"]
[EventCountry "ITA"]
[SourceTitle "EXT 2023"]
[Source "ChessBase"]
[SourceDate "2022.10.05"]
[SourceVersion "1"]
[SourceVersionDate "2022.10.05"]
[SourceQuality "1"]

1. e4 d5 2. exd5 Qxd5 3. Nc3 Qa5 4. d4 Nf6 5. Nf3 c6 6. Bc4 Bf5 7. Bd2 e6 8. Ne4 Qc7 9. Nc3 Bg4 10. h3 Bxf3 11. Qxf3 Bd6 12. 0-0-0 Nbd7 13. Rhe1 0-0-0 14. Re3 Nb6 15. Bb3 Nbd5 16. Rd3 Bf4 17. Ne4 Nxe4 18. Qxe4 Bxd2+ 19. R1xd2 Nf6 20. Qf3 Rd7 21. Rc3 Rhd8 22. Ba4 Kb8 23. Bxc6 bxc6 24. Rxc6 Qb7 25. Rd3 Nd5 26. Rb3 Nb6 27. c3 Rc7 28. Rxc7 Qxf3 29. gxf3 Kxc7 30. Kc2 Nd5 31. Ra3 Ra8 32. Kd2 g5 33. Ra5 f6 34. a4 f5 35. b4 Nf4 36. Ra6 Kb7 37. b5 Rc8 38. a5 h5 39. Rd6 Rc7 40. a6+ Kc8 41. b6 axb6 42. Rxb6 Kd7 43. Rb4 Nxh3 44. c4 Nf4 45. Ra4 Ra7 46. Kc3 h4 47. Kb4 h3 48. Kb5 Kc7 49. c5 Nd3 50. Ra2 h2 0-1

[Event "Giovanni Pico Cup 5th"]
[Site "Mirandola"]
[Date "2012.01.13"]
[Round "1"]
[White "Gilevich, Artem"]
[Black "Marani, Luca"]
[Result "1-0"]
[WhiteElo "2279"]
[BlackElo "1835"]
[PlyCount "51"]
[EventDate "2012.01.13"]
[EventType "swiss"]
[EventRounds "5"]
[EventCountry "ITA"]
[SourceTitle "EXT 2023"]
[Source "ChessBase"]
[SourceDate "2022.10.05"]
[SourceVersion "1"]
[SourceVersionDate "2022.10.05"]
[SourceQuality "1"]

1. d4 d5 2. Nf3 Nf6 3. c4 e6 4. Nc3 b6 5. Bg5 h6 6. Bxf6 Qxf6 7. cxd5 Be7 8. e3 0-0 9. Bc4 Bb7 10. 0-0 Nd7 11. Bb5 Rad8 12. Bxd7 Rxd7 13. Ne5 Rxd5 14. Nxd5 Bxd5 15. e4 Bxe4 16. f3 Bd5 17. Nd7 Qf4 18. Nxf8 Kxf8 19. Qd3 Bd6 20. g3 Qg5 21. f4 Qg4 22. Rf2 c5 23. Rc1 cxd4 24. Qxd4 g5 25. b4 gxf4 26. Qf6 1-0

[Event "Mirandola Giovanni Pico op 1st"]
[Site "Mirandola"]
[Date "2008.01.13"]
[Round "5"]
[White "Marani, Luca"]
[Black "Vitiello, Luigi"]
[Result "0-1"]
[WhiteElo "1875"]
[BlackElo "1488"]
[PlyCount "69"]
[EventDate "2008.01.11"]
[EventType "swiss"]
[EventRounds "5"]
[EventCountry "ITA"]
[SourceTitle "EXT 2009"]
[Source "ChessBase"]
[SourceDate "2008.11.26"]
[SourceVersion "1"]
[SourceVersionDate "2008.11.26"]
[SourceQuality "1"]

1. e4 e5 2. Nf3 Nc6 3. Bc4 Be7 4. d4 exd4 5. Nxd4 Nf6 6. Nc3 0-0 7. 0-0 Ne5 8. Bb3 d6 9. f4 Ned7 10. Qf3 Nc5 11. Bc4 c6 12. b4 Bg4 13. Qg3 Ne6 14. Nb3 Qb6+ 15. Rf2 Qxb4 16. Bxe6 Bxe6 17. a3 Qb6 18. Be3 Qc7 19. Nd4 Qd7 20. f5 Bc4 21. Rd1 c5 22. Nf3 Qc6 23. Bh6 Nh5 24. Qg4 d5 25. Qxh5 Qxh6 26. Qxh6 gxh6 27. exd5 Rad8 28. Ne5 Bf6 29. Nxc4 Bxc3 30. f6 Bd4 31. Rxd4 cxd4 32. Rf4 Rxd5 33. Rf3 Kh8 34. Nd2 h5 35. Rd3 0-1